=LDR 00000nam 2200000 4500 =001 INLIS000000000053177 =005 20210125102046 =035 ##$$a 0010-0418000068 =007 ta =008 210125###########################0###### =020 ##$$a 979-756-057.3 =082 ##$$a 675.42 =084 ##$$a 675.42 MOH a =100 #$$a Moh. Ramly Faud =245 1#$$a Akuntansi perbankan petunjuk praktis operasional bank /$c Moh. Ramly Faud =250 ##$$a Cet.1 =260 ##$$a Yogyakarta :$b Graha Ilmu,$c 2005 =300 ##$$a 302 : $b ilus ; $c 21 cm =650 #4$$a Akutansi keuangan - perbankan =700 #$$a Mr. Rustam P.m =504 ##$$a Bibliografi : hlm. 301 =990 ##$$a 51800050